000 00434nam a2200169Ia 4500
008 151213s9999 xx 000 0 und d
020 _a984-809-009-6
100 _aM. Anwarul Azim
245 _aTechnology Mgt. and Development of Nations
_cM. Anwarul Azim
250 _a1st
260 _aDhaka
_bU G C
_c2002
300 _a7236 p.
650 _aManagement
650 _aTechnology Mgt
700 _aM. Anwarul Azim
999 _c3846
_d3846